000 00652nam a22001697a 4500
003 UA-OsUOA
001 12309
007 ta
008 20050428b un ||||| |||| 00| 0 ukr d
942 _cSA
040 _aUA-OsUOA
_cUA-OsUOA
_dUA-OsUOA
245 _aУ справжнього сатирика перо завжди гостре
_b[Про сатирика і гумориста Ростислава Солоневського, який відзначив свій 75-річний ювілей]
300 _aС.3
955 _a0
773 0 _w0
_tВісті Рівненщини
_dРівне
_d2005
_g№31/22 квіт./
650 7 _aБіографії
_2UDC
999 _c298470
_d298470